A Fifth of Television Quiz Stats

 Plays Quiz Updated Oct 19, 2016

Also try: A Fifth of Disney
Challenge
Share
Tweet
Embed
Score 0/26 Timer 06:00
1 Play Today
TV Fifths TV Shows % Correct
Sunday, Wednesday, happy, day, youHappy Days
86.6%
Come, door, you, hers, three’sThree's Company
73.1%
Come, story, Jed, kept, oneThe Beverly Hillbillies
71.9%
Here, the, funniest, meet, monkeesThe Monkees
71%
Love, aboard, life’s, flow, youThe Love Boat
69.7%
Love, marriage, horse, tell, haveMarried with Children
67.8%
Well, to, deluxe, movin’, eastThe Jeffersons
63.5%
A, course, one, horse, ofMr. Ed
63.4%
Green, for, the, spreadin’, wideGreen Acres
62.7%
Making, world, got, all, helpCheers
53.3%
They’re, mysterious, together, their, whereThe Addams Family
52%
So, life, this, joke, life’sFriends
50.7%
One, six, hassenfeffer, it, we’llLaverne and Shirley
49.8%
TV Fifths TV Shows % Correct
Just, you’ll, tale, that, portGilligan's Island
49.4%
It’s, howdy, and, do, aHowdy Doody
47%
Come, that, tracks, junction, itPetticoat Junction
40.8%
You, take, them, have, theThe Facts of Life
36%
Hey, blues, scrambled, and, bitFrasier
34.6%
Whatever, milkman, everywhere, go, handFull House
33.8%
Here’s, lovely, up, all, gold The Brady Bunch
33%
I’m, Park, time, folks, toSouth Park
27.3%
Our, a, nearly, expansion, beganBig Bang Theory
24%
Boy, played, hit, we, wereAll in the Family
23.6%
Baby, wondered, I’m, in, gotWKRP in Cincinnati
17.7%
It’s, day, any, newspaper, ofFamily Matters
17%
It’s, this, for, be, mineMister Rogers Neighborhood
5.1%

You're not logged in!

Compare scores with friends on all Sporcle quizzes.
OR
Log In

You Might Also Like...

Show Comments

Extras

Top Quizzes Today


Score Distribution

Your Account Isn't Verified!

In order to create a playlist on Sporcle, you need to verify the email address you used during registration. Go to your Sporcle Settings to finish the process.

Report this User

Report this user for behavior that violates our Community Guidelines.

Details: